书目信息 |
| 题名: |
梁书
|
|
| 作者: | 姚思廉 撰 | |
| 分册: | 第一册 纪,传 | |
| 出版信息: | 北京 中华书局 1973.5 |
|
| 页数: | 275页 | |
| 开本: | 20cm | |
| 丛书名: | ||
| 单 册: | ||
| 中图分类: | K239.1 | |
| 科图分类: | ||
| 主题词: | 中国--古代史--封建社会 | |
| 电子资源: | ||
| ISBN: | ||
| 000 | 00587nam0 2200217 45 | |
| 001 | 0312221749 | |
| 005 | 20040430085103.6 | |
| 010 | @dCNY2.70 | |
| 091 | @a11018.622 | |
| 100 | @a20031222d1973 km y0chiy0120 ea | |
| 101 | @achi | |
| 105 | @a z 000yy | |
| 200 | 1 | @a梁书@ALiang Shu@h第一册@h卷一至卷一六@i纪,传@f(唐)姚思廉撰@F(Tang)Yao Si Lian Zhuan |
| 210 | @a北京@c中华书局@d1973.5 | |
| 215 | @a275页@d20cm | |
| 517 | @a纪,传@AJi,Chuan | |
| 606 | 0 | @a中国@x古代史@x封建社会 |
| 690 | @aK239.1@v3 | |
| 701 | 0 | @a姚思廉@4撰 |
| 801 | @aCN@bTSTCL@c20031222 | |
| 905 | @dK239.1@e10:1 | |
| 梁书.第一册.卷一至卷一六.纪,传/(唐)姚思廉撰.-北京:中华书局,1973.5 |
| 275页;20cm |
| ISBN :CNY2.70 |
| ● |
| 相关链接 |
|
|
|
|
正题名:梁书
索取号:K239.1/10:1
 
预约/预借
| 序号 | 登录号 | 条形码 | 馆藏地/架位号 | 状态 | 备注 |
| 1 | 0054260 | 001282855 | 第二借阅区/ [索取号:K239.1/10:1] | 在馆 | |
| 2 | 0054261 | 001282837 | 第二借阅区/ [索取号:K239.1/10:1] | 在馆 | |
| 3 | 0099438 | 001286851 | 第二借阅区/ [索取号:K239.1/10:1] | 在馆 | |
| 4 | 0099439 | 001709100 | 密集书库/ [索取号:K239.1/10:1] | 在馆 | |
| 5 | 0103305 | 001282935 | 第二借阅区/ [索取号:K239.1/10:1] | 在馆 | |
| 6 | 0103306 | 001282846 | 第二样本阅览室/ [索取号:K239.1/10:1] | 在馆 | |
| 7 | 0159588 | 001282908 | 第二借阅区/ [索取号:K239.1/10:1] | 在馆 | |
| 8 | 0159589 | 001282917 | 第二借阅区/ [索取号:K239.1/10:1] | 在馆 |